|
003 -Nazwa inst., której nr kontr. jest w polu 001 [,]
|
-
- @
- Nazwa instytucji, której n kontrolny jest w polu 001
- NUKAT
|
|
005 -DATA I CZAS OSTATNIEJ MODYFIKACJI [,]
|
-
- @
- pole kontrolne
- 20241231085824.0
|
|
020 -Międzynarod. znormalizowany nr książki - ISBN [ , ]
|
-
- a
- Numer ISBN
- 8389621061
|
|
040 -Instytucja sporządzająca opis [ , ]
|
-
- a
- Instytucja, która sporządziła opis (NP)
- KR U/GK
-
- b
- Język katalogowania
- pol
-
- e
- Zasady katalogowania
- rda
-
- c
- Instytucja, która sporządziła rekord (NP)
- KR U/GK
-
- d
- Instytucja, która zmodyfikowała rekord (P)
- KR U/ES
-
- d
- Instytucja, która zmodyfikowała rekord (P)
- WR U/dl
-
- d
- Instytucja, która zmodyfikowała rekord (P)
- WA U/DNs
-
- d
- Instytucja, która zmodyfikowała rekord (P)
- WA M/ES
-
- d
- Instytucja, która zmodyfikowała rekord (P)
- GL 001/DA
|
|
942 -Rodzaj dokumentu [ , ]
|
-
- c
- Rodzaj dokumentu
- Książka
|
|
080 -Uniwersalna Klasyfikacja Dziesiętna [ , ]
|
-
- a
- Symbol klasyfikacji
- 658.56.012.4(438)"1989/..."
|
|
080 -Uniwersalna Klasyfikacja Dziesiętna [ , ]
|
-
- a
- Symbol klasyfikacji
- :336.7(438)"1989/..."
|
|
650 -Hasło przedmiotowe [ ,7]
|
-
- a
- Hasło przedmiotowe
- Instytucje finansowe
-
- z
- Określnik geograficzny
- Polska
-
- y
- Określnik chronologiczny
- 1990-.
-
-
|
|
650 -Hasło przedmiotowe [ ,7]
|
-
- a
- Hasło przedmiotowe
- Usługi finansowe
-
- z
- Określnik geograficzny
- Polska
-
- y
- Określnik chronologiczny
- 1990-.
-
-
|
|
650 -Hasło przedmiotowe [ ,7]
|
-
- a
- Hasło przedmiotowe
- Jakość usług
-
- z
- Określnik geograficzny
- Polska.
-
-
|
|
650 -Hasło przedmiotowe [ ,7]
|
-
- a
- Hasło przedmiotowe
- Banki
-
- z
- Określnik geograficzny
- Polska
-
- x
- Określnik rzeczowy
- finanse
-
- y
- Określnik chronologiczny
- 1990-.
-
-
|
|
980 -Symbol UKD [ , ]
|
-
- a
- UKD
- 658.56.012.4:336.7](438)"1989/..."
|
|
700 -Hasło dodatkowe - nazwa osobowa [1, ]
|
-
- a
- Nazwa osobowa (NP)
- Garczarczyk, Józef.
-
- e
- Określenie rodzaju współpracy
- Redakcja
-
- e
- Określenie rodzaju współpracy
- Autor
-
|
|
700 -Hasło dodatkowe - nazwa osobowa [1, ]
|
-
- a
- Nazwa osobowa (NP)
- Skikiewicz, Robert.
-
- e
- Określenie rodzaju współpracy
- Autor
-
|
|
700 -Hasło dodatkowe - nazwa osobowa [1, ]
|
-
- a
- Nazwa osobowa (NP)
- Mocek, Marek.
-
- e
- Określenie rodzaju współpracy
- Autor
-
|
|
700 -Hasło dodatkowe - nazwa osobowa [1, ]
|
-
- a
- Nazwa osobowa (NP)
- Wiśniewska, Hanna
-
- c
- Dopowiedzenie inne niż daty biograficzne (NP)
- (bankowość).
-
- e
- Określenie rodzaju współpracy
- Autor
-
|
|
700 -Hasło dodatkowe - nazwa osobowa [1, ]
|
-
- a
- Nazwa osobowa (NP)
- Białowąs, Sylwester.
-
- e
- Określenie rodzaju współpracy
- Autor
-
|
|
700 -Hasło dodatkowe - nazwa osobowa [1, ]
|
-
- a
- Nazwa osobowa (NP)
- Kaczmarek, Mirosława
-
- c
- Dopowiedzenie inne niż daty biograficzne (NP)
- (ekonomia).
-
- e
- Określenie rodzaju współpracy
- Autor
-
|
|
710 -Hasło dodatkowe - nazwa ciała zbiorowego [2, ]
|
-
- a
- Nazwa ciała zbiorowego lub nazwa geograficzna jako pierwszy element (NP)
- Akademia Ekonomiczna (Poznań).
-
- b
- Nazwa jednostki podrzędnej (P)
- Katedra Badań Marketingowych.
-
- e
- Rodzaj współpracy
- Wydawca
-
-
|